000 00658nam a2200205Ia 4500
003 GCL
008 140319s9999 xx 000 0 ara d
040 _aGCL /
_cGCL
082 0 4 _a709.2
_bص ه
100 1 _aصبحى الشارونى
245 1 0 _aهؤلاء الفنانون العظماء ولوحاتهم /
_cصبحى الشارونى
260 _a[S.N] :
_bالهيئة المصرية العامة للكتاب ،
_c1986
300 _a153 ص
650 0 4 _aالفنون الجميلة
650 0 4 _aالفنانون
650 0 4 _aالرسم
650 0 4 _aالفنون التشكيلية
650 0 4 _aالتذوق الفنى
942 _2ddc
_cBK
999 _c55545
_d55545